[Event "Thessaloniki White Tower op-A 44th"]
[Site "Thessaloniki"]
[Date "2024.01.08"]
[Round "9"]
[White "Melikhov, Evgeny V"]
[Black "Giannoulakis, Labros"]
[Result "0-1"]
[WhiteElo "2192"]
[BlackElo "2341"]
[PlyCount "136"]
[EventDate "2024.01.02"]
[EventType "swiss"]
[EventRounds "9"]
[EventCountry "GRE"]
[SourceTitle "CB02_2024"]
[SourceDate "2024.01.10"]
[SourceVersion "1"]
[SourceVersionDate "2024.01.10"]
[SourceQuality "1"]

1. d4 Nf6 2. c4 g6 3. Nc3 Bg7 4. e4 d6 5. f3 0-0 6. Be3 c5 7. Nge2 Nfd7 8. d5 a6 9. Qd2 b5 10. Bh6 Ne5 11. Bxg7 Kxg7 12. cxb5 Qa5 13. Nc1 f5 14. f4 Ng4 15. h3 Nf6 16. e5 Nh5 17. exd6 exd6 18. Kf2 Nd7 19. bxa6 Nhf6 20. Be2 Nb6 21. Bf3 Bxa6 22. Re1 Bc4 23. Nb3 Qb4 24. Re7+ Rf7 25. Rae1 Ne4+ 26. R1xe4 fxe4 27. Rxf7+ Kxf7 28. Nxe4 Qxd2+ 29. Nbxd2 Ke7 30. Nxc4 Nxc4 31. Nxc5 Nxb2 32. Ne6 Rxa2 33. Ke3 Nc4+ 34. Kd3 Nd2 35. Bd1 Nf1 36. Bf3 Rd2+ 37. Kc3 Rf2 38. Kd3 Rd2+ 39. Kc3 Ra2 40. Kd3 Ra3+ 41. Ke2 Ng3+ 42. Kf2 Nf5 43. Be4 Ra2+ 44. Kf3 Ra3+ 45. Kf2 Kf6 46. g4 Ne7 47. h4 Ra5 48. Nc7 Kf7 49. Kf3 Ra3+ 50. Kf2 Ra5 51. Kf3 Ng8 52. g5 Ne7 53. Kg4 Rc5 54. Ne6 Rc4 55. Kf3 Rc3+ 56. Kf2 Rh3 57. h5 Rxh5 58. Kg3 h6 59. Kg4 hxg5 60. fxg5 Rh2 61. Nf4 Rf2 62. Kg3 Rf1 63. Kg4 Rg1+ 64. Kh4 Nf5+ 65. Bxf5 gxf5 66. Ne6 Rd1 67. Nf4 Rd4 68. Kg3 Rxf4 0-1

[Event "Thessaloniki op 3rd"]
[Site "Thessaloniki"]
[Date "2023.08.06"]
[Round "3"]
[White "Kolytas, Spiridon"]
[Black "Giannoulakis, Labros"]
[Result "0-1"]
[WhiteElo "1790"]
[BlackElo "2334"]
[PlyCount "92"]
[EventDate "2023.08.05"]
[EventType "swiss"]
[EventRounds "9"]
[EventCountry "GRE"]
[SourceTitle "CBM 215 Extra"]
[Source "ChessBase"]
[SourceDate "2023.09.30"]
[SourceVersion "1"]
[SourceVersionDate "2023.09.30"]
[SourceQuality "1"]

1. Nf3 Nf6 2. c4 e6 3. g3 a6 4. Bg2 b5 5. b3 Bb7 6. 0-0 Be7 7. e3 0-0 8. Nc3 b4 9. Ne2 d6 10. d3 Nbd7 11. h3 e5 12. e4 Nc5 13. Nh4 Nfd7 14. Nf5 Bf6 15. g4 Ne6 16. a3 a5 17. Ra2 Ndc5 18. a4 Bg5 19. f4 Nxf4 20. Bxf4 exf4 21. Nxf4 Ne6 22. Ne2 Nc5 23. Nf4 g6 24. Ng3 Qf6 25. Nfe2 Qg7 26. d4 Ne6 27. Qd3 Rae8 28. Kh2 Re7 29. Raa1 Rfe8 30. Rad1 Qh6 31. Qf3 Nf8 32. Nf4 Nd7 33. Nd5 Bxd5 34. cxd5 Nf6 35. Rf2 Bh4 36. Rdf1 Bxg3+ 37. Qxg3 Nxe4 38. Bxe4 Rxe4 39. Rxf7 Qd2+ 40. R1f2 Re2 41. Qg1 Qxd4 42. Kg3 Qe5+ 43. Kh4 Qxd5 44. Rxc7 g5+ 45. Kh5 Qe6 46. Qb1 Qg6+ 0-1

[Event "Belgrade Serbia op"]
[Site "Belgrade"]
[Date "2023.07.16"]
[Round "1"]
[White "Giannoulakis, Labros"]
[Black "Mijatovic, Dusan"]
[Result "1-0"]
[WhiteElo "2354"]
[BlackElo "2213"]
[PlyCount "97"]
[EventDate "2023.07.16"]
[EventType "swiss"]
[EventRounds "9"]
[EventCountry "SRB"]
[SourceTitle "CBM 215 Extra"]
[Source "ChessBase"]
[SourceDate "2023.09.30"]
[SourceVersion "1"]
[SourceVersionDate "2023.09.30"]
[SourceQuality "1"]

1. d4 Nf6 2. c4 e6 3. Nc3 Bb4 4. e3 0-0 5. Bd3 d5 6. Nf3 dxc4 7. Bxc4 c5 8. 0-0 cxd4 9. exd4 b6 10. Bg5 h6 11. Bh4 Bb7 12. Qe2 Nbd7 13. Rac1 Rc8 14. Bb3 Bxc3 15. bxc3 Qc7 16. c4 Qf4 17. Qe3 Nh5 18. Bd1 Bxf3 19. Qxf4 Nxf4 20. Bxf3 e5 21. Be7 Rfe8 22. Bd6 Re6 23. c5 bxc5 24. dxc5 f5 25. Rfd1 Nf6 26. Bb7 Rd8 27. Ba6 Kh7 28. g3 Nh3+ 29. Kg2 Ng5 30. Bc4 Ree8 31. Bb5 Re6 32. c6 Nf7 33. c7 Rh8 34. Bc4 Rxd6 35. Bxf7 Ne4 36. Rxd6 Nxd6 37. Be6 Nc8 38. Bxf5+ g6 39. Bxc8 Rxc8 40. Kf3 Kg7 41. Ke4 Kf6 42. Rc6+ Ke7 43. Rxg6 Kd7 44. Rg7+ Ke6 45. Rh7 Kd6 46. Rxh6+ Kxc7 47. Kxe5 Re8+ 48. Re6 Rb8 49. Re7+ 1-0

[Event "Paphos op 1st"]
[Site "Paphos"]
[Date "2023.04.08"]
[Round "3"]
[White "Matejovic, Juraj"]
[Black "Giannoulakis, Labros"]
[Result "0-1"]
[WhiteElo "2248"]
[BlackElo "2352"]
[PlyCount "154"]
[EventDate "2023.04.07"]
[EventType "swiss"]
[EventRounds "9"]
[EventCountry "CYP"]
[SourceTitle "CBM 213 Extra"]
[Source "ChessBase"]
[SourceDate "2023.05.31"]
[SourceVersion "1"]
[SourceVersionDate "2023.05.31"]
[SourceQuality "1"]

1. e4 e5 2. Nf3 Nc6 3. Bb5 a6 4. Bxc6 dxc6 5. 0-0 Bg4 6. h3 h5 7. d3 Qf6 8. Nbd2 g5 9. d4 exd4 10. e5 Qg6 11. Re1 Bf5 12. Nxd4 0-0-0 13. Nxf5 Qxf5 14. Qf3 Qe6 15. Qe3 b6 16. Nf3 g4 17. Ng5 Qg6 18. e6 fxe6 19. Nxe6 Re8 20. Qe5 Rh7 21. Bg5 gxh3 22. Rad1 Rhe7 23. Qe4 Qxe4 24. Rxe4 Rf7 25. gxh3 Nf6 26. Bxf6 Rxf6 27. Ng5 Rxe4 28. Nxe4 Re6 29. f3 Be7 30. Rd2 Re5 31. Kf2 Ra5 32. a3 Rb5 33. c3 a5 34. Ke2 a4 35. Kd3 Rd5+ 36. Ke2 Kd7 37. Rc2 Ke6 38. Rc1 Kf5 39. c4 Rd4 40. Rc2 Kf4 41. Rc1 Bf8 42. Nf2 Kf5 43. Ne4 Bh6 44. Rc2 Bf4 45. Rc3 Be5 46. Rc2 Rd7 47. Nf2 Bd4 48. Rd2 c5 49. Kf1 Kf4 50. Rd3 Rg7 51. b3 axb3 52. Rxb3 Rg3 53. Nd3+ Kf5 54. Nf2 Bxf2 55. Kxf2 Rxh3 56. Re3 Rh4 57. Re7 Rxc4 58. Rxc7 h4 59. Rb7 Rc2+ 60. Ke3 Rc3+ 61. Kf2 Rb3 62. a4 Rb2+ 63. Ke3 Rb3+ 64. Ke2 Rb2+ 65. Ke3 h3 66. Rh7 h2 67. Rh5+ Kg6 68. Rh8 Ra2 69. Kd3 Ra3+ 70. Ke4 Rxa4+ 71. Ke5 Ra2 72. f4 Re2+ 73. Kd5 Kf5 74. Rh4 Rd2+ 75. Kc4 Ke4 76. Kc3 Rf2 77. Kc4 Kf3 0-1

[Event "Chalkida Evoiki op 5th"]
[Site "Chalkida"]
[Date "2023.01.07"]
[Round "5"]
[White "Giannoulakis, Labros"]
[Black "Makridis, Dimitrios"]
[Result "1/2-1/2"]
[WhiteElo "2351"]
[BlackElo "2374"]
[PlyCount "77"]
[EventDate "2023.01.05"]
[EventType "swiss"]
[EventRounds "7"]
[EventCountry "GRE"]
[SourceTitle "CBM 212 Extra"]
[Source "ChessBase"]
[SourceDate "2023.03.31"]
[SourceVersion "1"]
[SourceVersionDate "2023.03.31"]
[SourceQuality "1"]

1. d4 Nf6 2. Nf3 d5 3. e3 c5 4. dxc5 Nc6 5. a3 a5 6. c4 e6 7. b3 Bxc5 8. Bb2 dxc4 9. Qxd8+ Kxd8 10. Bxc4 Ke7 11. Nbd2 Rd8 12. g4 b6 13. g5 Ne8 14. Ke2 Kf8 15. Ne4 Be7 16. h4 Bb7 17. h5 Nb4 18. axb4 Bxe4 19. g6 Nd6 20. gxh7 Bxh7 21. Ne5 Nxc4 22. bxc4 Bxb4 23. Bd4 f6 24. Ng6+ Ke8 25. Rag1 e5 26. Bxb6 Rd2+ 27. Kf3 Kf7 28. c5 a4 29. c6 a3 30. c7 e4+ 31. Kxe4 Rd6 32. Rc1 Rc8 33. Bc5 Bxc5 34. Rxc5 Bxg6+ 35. hxg6+ Kxg6 36. Rg1+ Kf7 37. Ra1 Rd7 38. Rxa3 Rdxc7 39. Rxc7+ 1/2-1/2

[Event "Paleochora op 15th"]
[Site "Paleochora"]
[Date "2022.07.21"]
[Round "6"]
[White "Banikas, Hristos"]
[Black "Giannoulakis, Labros"]
[Result "1-0"]
[WhiteElo "2598"]
[BlackElo "2346"]
[PlyCount "79"]
[EventDate "2022.07.17"]
[EventType "swiss"]
[EventRounds "9"]
[EventCountry "GRE"]
[SourceTitle "CBM 209 Extra"]
[Source "ChessBase"]
[SourceDate "2022.09.30"]
[SourceVersion "1"]
[SourceVersionDate "2022.09.30"]
[SourceQuality "1"]

1. d4 Nf6 2. c4 g6 3. Nc3 Bg7 4. e4 d6 5. f3 Nfd7 6. Be3 0-0 7. Qd2 e5 8. Nge2 Nc6 9. d5 Ne7 10. g4 f5 11. Rg1 Nf6 12. h3 Bd7 13. 0-0-0 f4 14. Bf2 Rf7 15. h4 Bf8 16. Kb1 Qb8 17. Nc1 Nc8 18. Nd3 Nb6 19. c5 Nc4 20. Qc1 Ne3 21. Bxe3 fxe3 22. Qxe3 Be7 23. Be2 Qf8 24. Rdf1 Ne8 25. c6 bxc6 26. dxc6 Bxc6 27. Nb4 Bd7 28. Bc4 c6 29. Nd3 Bd8 30. Rh1 Bb6 31. Qc1 Ng7 32. Bxf7+ Qxf7 33. h5 gxh5 34. gxh5 Qc4 35. Qd2 Rb8 36. h6 Ne6 37. Rc1 Bd4 38. Rc2 Qa6 39. Ne2 Bb6 40. Nxe5 1-0

[Event "EU-ch 22nd"]
[Site "Terme Catez"]
[Date "2022.03.30"]
[Round "4"]
[White "Dardha, Daniel"]
[Black "Giannoulakis, Labros"]
[Result "1-0"]
[WhiteElo "2540"]
[BlackElo "2362"]
[PlyCount "53"]
[EventDate "2022.03.27"]
[EventType "swiss"]
[EventRounds "11"]
[EventCountry "SLO"]
[SourceTitle "CBM 208"]
[Source "ChessBase"]
[SourceDate "2022.06.30"]
[SourceVersion "1"]
[SourceVersionDate "2022.06.30"]
[SourceQuality "1"]

1. d4 Nf6 2. c4 g6 3. h4 Bg7 4. Nc3 d6 5. e4 c5 6. d5 0-0 7. Be2 e6 8. h5 exd5 9. exd5 Re8 10. Kf1 Bf5 11. Nf3 Ne4 12. Nxe4 Bxe4 13. Ng5 Qe7 14. Be3 Bd4 15. hxg6 hxg6 16. Qd2 Nd7 17. Bxd4 cxd4 18. Rh4 Nc5 19. b4 Qf6 20. bxc5 d3 21. Re1 dxe2+ 22. Kg1 Bf5 23. cxd6 Qxd6 24. Rh8+ Kg7 25. Qb2+ f6 26. Qxb7+ Bd7 27. Rh7+ 1-0

[Event "GRE-chT Final 4 48th"]
[Site "Larisa"]
[Date "2021.11.07"]
[Round "2.2"]
[White "Koutlas, Nikolaos"]
[Black "Giannoulakis, Labros"]
[Result "1/2-1/2"]
[WhiteElo "2273"]
[BlackElo "2363"]
[PlyCount "135"]
[EventDate "2021.11.06"]
[EventType "team-k.o."]
[EventRounds "2"]
[EventCountry "GRE"]
[SourceTitle "CBM 205 Extra"]
[Source "ChessBase"]
[SourceDate "2022.01.31"]
[SourceVersion "1"]
[SourceVersionDate "2022.01.31"]
[SourceQuality "1"]
[WhiteTeam "Kavalas SO"]
[BlackTeam "Neapolis Sykeon"]
[WhiteTeamCountry "GRE"]
[BlackTeamCountry "GRE"]

1. e4 e5 2. Nf3 Nc6 3. Nc3 Nf6 4. d4 exd4 5. Nxd4 Bb4 6. Nxc6 bxc6 7. Bd3 0-0 8. 0-0 d5 9. Bd2 Bg4 10. f3 Bc5+ 11. Kh1 Be6 12. e5 Nd7 13. f4 f5 14. Rf3 Be7 15. Rh3 Qe8 16. Ne2 c5 17. c3 Qf7 18. Be3 c4 19. Bc2 c5 20. b3 Nb6 21. b4 cxb4 22. Nd4 g6 23. cxb4 c3 24. Nxe6 Qxe6 25. Bxb6 axb6 26. Bb3 Rfd8 27. Rxc3 Bxb4 28. Rd3 Ra5 29. Rc1 Qd7 30. Qg1 Qb7 31. Rcd1 Kg7 32. Qd4 Be7 33. h3 Kh6 34. e6 Bc5 35. Bxd5 Qe7 36. Qb2 Ra4 37. Qd2 Qh4 38. Rf1 Qf6 39. g4 fxg4 40. hxg4 Kg7 41. Kg2 Rb4 42. Bb3 Rxd3 43. Qxd3 Rxf4 44. Qd7+ Kh8 45. Qe8+ Bf8 46. Rxf4 Qxf4 47. Qf7 Qxg4+ 48. Kf1 Qf5+ 49. Qxf5 gxf5 50. Kf2 Kg7 51. Kf3 Kf6 52. Bc4 h5 53. Kg3 Kg5 54. Bf1 Bd6+ 55. Kf3 Kf6 56. Bc4 h4 57. Kg2 Ke5 58. Kf3 Kd4 59. Bf1 Ke5 60. Bc4 h3 61. e7 Bxe7 62. Kg3 Kd4 63. Be6 f4+ 64. Kxh3 f3 65. Kg3 Ke3 66. Bd5 Bd6+ 67. Kg4 b5 68. Bxf3 1/2-1/2

[Event "Plovdiv Round Table U21 op"]
[Site "Plovdiv"]
[Date "2021.10.01"]
[Round "7"]
[White "Gukesh, Dommaraju"]
[Black "Giannoulakis, Labros"]
[Result "1-0"]
[WhiteElo "2599"]
[BlackElo "2319"]
[PlyCount "77"]
[EventDate "2021.09.26"]
[EventType "swiss"]
[EventRounds "9"]
[EventCountry "BUL"]
[SourceTitle "CBM 204 Extra"]
[Source "ChessBase"]
[SourceDate "2021.11.30"]
[SourceVersion "1"]
[SourceVersionDate "2021.11.30"]
[SourceQuality "1"]

1. d4 Nf6 2. c4 g6 3. Nc3 Bg7 4. e4 d6 5. Nf3 0-0 6. Be2 e5 7. 0-0 Nc6 8. d5 Ne7 9. Ne1 Nd7 10. Nd3 f5 11. f3 f4 12. b4 g5 13. c5 Nf6 14. a4 h5 15. Nf2 Rf7 16. Kh1 Bf8 17. Rg1 Rg7 18. g3 Ng6 19. c6 bxc6 20. dxc6 Be6 21. Nd5 Bxd5 22. exd5 Qb8 23. Bd3 Qxb4 24. Ne4 Nxe4 25. Bxe4 fxg3 26. hxg3 Be7 27. Qc2 Kf7 28. Be3 Qb8 29. Rab1 Qh8 30. Rb7 Bd8 31. Bf5 Nf8 32. Rgb1 g4 33. fxg4 hxg4+ 34. Kg1 Qh3 35. Qf2 Kg8 36. Rb8 Rxb8 37. Rxb8 Be7 38. Rc8 Rf7 39. Be6 1-0

[Event "Plovdiv Round Table U21 op"]
[Site "Plovdiv"]
[Date "2021.09.27"]
[Round "2"]
[White "Muradli, Mahammad"]
[Black "Giannoulakis, Labros"]
[Result "1-0"]
[WhiteElo "2487"]
[BlackElo "2319"]
[PlyCount "99"]
[EventDate "2021.09.26"]
[EventType "swiss"]
[EventRounds "9"]
[EventCountry "BUL"]
[SourceTitle "CBM 204 Extra"]
[Source "ChessBase"]
[SourceDate "2021.11.30"]
[SourceVersion "1"]
[SourceVersionDate "2021.11.30"]
[SourceQuality "1"]

1. Nf3 Nf6 2. c4 g6 3. Nc3 Bg7 4. e4 d6 5. d4 0-0 6. Be2 e5 7. 0-0 Nc6 8. Be3 Ng4 9. Bg5 f6 10. Bh4 Nh6 11. Qd2 Nxd4 12. Nxd4 exd4 13. Qxd4 Be6 14. Qd2 Qd7 15. Rad1 Qf7 16. b3 Rae8 17. Bg3 f5 18. Bf4 Ng4 19. Bxg4 fxg4 20. Bh6 a6 21. Bxg7 Qxg7 22. Qd4 Qxd4 23. Rxd4 Rf7 24. Re1 h5 25. Rd3 Bd7 26. Rde3 Bc6 27. a4 a5 28. h3 gxh3 29. Rxh3 Kg7 30. f3 Kh6 31. Kf2 g5 32. Ke3 Kg6 33. Rhh1 Ref8 34. Ne2 h4 35. Nd4 Bd7 36. Reg1 Kh5 37. g3 c5 38. g4+ Kg6 39. Nf5 Bxf5 40. gxf5+ Kf6 41. Rg4 Rh8 42. Kf2 h3 43. Kg3 Rfh7 44. Kh2 Rh4 45. Rxh4 gxh4 46. f4 Rg8 47. Rg1 Re8 48. Rg6+ Kf7 49. Re6 Rg8 50. Kxh3 1-0

[Event "FIDE World Uni Rapid-D 1st"]
[Site "Tornelo INT"]
[Date "2021.03.21"]
[Round "9"]
[White "Beradze, Irakli"]
[Black "Giannoulakis, Labros"]
[Result "1-0"]
[WhiteElo "2475"]
[BlackElo "2325"]
[PlyCount "119"]
[EventDate "2021.03.20"]
[EventType "swiss (rapid)"]
[EventRounds "12"]
[EventCountry "NET"]
[SourceTitle "EXT 2022"]
[Source "ChessBase"]
[SourceDate "2021.10.06"]
[SourceVersion "1"]
[SourceVersionDate "2021.10.06"]
[SourceQuality "1"]

1. e4 e5 2. Nf3 Nc6 3. Nc3 Nf6 4. d4 exd4 5. Nxd4 Bb4 6. Nxc6 bxc6 7. Bd3 0-0 8. 0-0 d5 9. exd5 cxd5 10. Bg5 c6 11. h3 h6 12. Bh4 Be7 13. Qf3 Be6 14. Ne2 Nd7 15. Bxe7 Qxe7 16. Nf4 Qf6 17. Qg3 Qg5 18. Qe3 Rfe8 19. Rfe1 Nf6 20. Qd4 Nd7 21. Nxe6 fxe6 22. Qa4 Rac8 23. Qxa7 Re7 24. Qe3 Qf6 25. b3 e5 26. a4 e4 27. Bf1 Rf8 28. Rad1 Re5 29. c4 Rg5 30. cxd5 cxd5 31. a5 Ne5 32. Kh1 Rf5 33. Qd4 Rxf2 34. Qxd5+ Kh8 35. Qxe4 Qg5 36. Bd3 Nxd3 37. Rxd3 Qxa5 38. Kh2 Qc7+ 39. Qe5 Qxe5+ 40. Rxe5 Rb2 41. Re7 Rb8 42. Rdd7 Rg8 43. Rb7 Kh7 44. b4 Kg6 45. b5 Kf6 46. Rec7 g5 47. Rc6+ Ke5 48. Rxh6 g4 49. h4 g3+ 50. Kh3 Rb1 51. Rh5+ Kf4 52. Rf7+ Ke3 53. Rg5 Rxg5 54. hxg5 Rxb5 55. Kg4 Ke4 56. g6 Rb8 57. Kg5 Ke5 58. g7 Rg8 59. Kg6 Ke6 60. Rf8 1-0